000 00476nam a2200169Ia 4500
005 20250508151114.0
008 008 250505s9999 xx 000 0 eng d
037 _aTextual
040 _aFEDL
_beng
_cFEDL
041 _aeng
_2eng
084 _a607.9549, IND
_qFEDL
245 0 _aReport of : The ad hoc committe on technical education in Hyderabad State
260 _c1952
300 _a66p.
942 _cTEXL
_h607.9549, IND
999 _c1327609
_d1327609